| Tag |
First Indicator |
Second Indicator |
Subfields |
| LEADER |
00000cam a2200000 a 4500 |
| 001 |
in00000010453 |
| 005 |
20151007051354.0 |
| 008 |
860626s1987 nyu j 00011 eng |
| 010 |
|
|
|a 86045491
|
| 020 |
|
|
|a 0060207116 :
|c $13.95
|
| 020 |
|
|
|a 0060207124 (lib. bdg.) :
|c $11.89
|
| 035 |
|
|
|a (OCoLC)13861281
|
| 035 |
|
|
|9 AAA2662AM
|
| 040 |
|
|
|a DLC
|c DLC
|d m/c
|d TXA
|d UtOrBLW
|
| 049 |
|
|
|a [Curr Col] TXAM
|c [A11010853]
|
| 050 |
0 |
0 |
|a PZ7.B7615
|b Pe 1987
|
| 082 |
0 |
|
|a [Fic]
|2 19
|
| 100 |
1 |
|
|a Bridgers, Sue Ellen.
|
| 245 |
1 |
0 |
|a Permanent connections /
|c Sue Ellen Bridgers.
|
| 250 |
|
|
|a 1st ed.
|
| 264 |
|
1 |
|a New York :
|b Harper & Row,
|c [1987]
|
| 264 |
|
4 |
|c ©1987
|
| 300 |
|
|
|a 264 pages ;
|c 22 cm.
|
| 336 |
|
|
|a text
|b txt
|2 rdacontent
|
| 337 |
|
|
|a unmediated
|b n
|2 rdamedia
|
| 338 |
|
|
|a volume
|b nc
|2 rdacarrier
|
| 520 |
|
|
|a Forced to spend a semester in his father's small hometown up in the mountains, seventeen-year-old Rob finds his feelings of alienation and self-hatred diminishing as he forges relationships with relatives and new friends.
|
| 650 |
|
1 |
|a Interpersonal relations
|x Fiction.
|
| 650 |
|
1 |
|a Self-acceptance
|x Fiction.
|
| 650 |
|
1 |
|a Mountain life
|x Fiction.
|
| 999 |
|
|
|a MARS
|
| 999 |
f |
f |
|s 2ce74fcf-f49e-3d5a-ae13-99d5de0be950
|i 277f0cae-5760-3b26-9267-096b03a65037
|t 0
|
| 952 |
f |
f |
|p normal
|a Texas A&M University
|b College Station
|c Sterling C. Evans Library
|d Evans: Curriculum Collection (4th floor)
|t 0
|e PZ7.B7615 Pe 1987
|h Library of Congress classification
|i unmediated -- volume
|m A14811010853
|
| 998 |
f |
f |
|a PZ7.B7615 Pe 1987
|t 0
|l Evans: Curriculum Collection (4th floor)
|